| 000 | 00566nam a22001817a 4500 | ||
|---|---|---|---|
| 005 | 20251108165020.0 | ||
| 008 | 250721s1998 xx 000 0 ara d | ||
| 082 | 1 | 4 | _a926.10/فرج |
| 100 | 1 | _aالعوايشه، فرج أحمد | |
| 245 | 1 | 0 | _aأعلام النهضة الطبية عند العرب و المسلمين من ظهور الإسلام و حتى القرن العشرين / |
| 264 | 1 |
_aعمان : _c1998. |
|
| 300 | _aج1 | ||
| 650 | 1 | 7 | _aالتراجم |
| 650 | 1 | 7 | _aالأطباء |
| 650 | 1 | 7 | _aالعرب |
| 942 |
_2ddc _cBK |
||
| 999 |
_c19961 _d19961 |
||